header

The American state normal school (Record no. 187601)

MARC details
000 -LEADER
fixed length control field 01269nam a2200325Ia 4500
100 1# - MAIN ENTRY--AUTHOR NAME
Personal name Ogren, Christine A.
245 14 - TITLE STATEMENT
Title The American state normal school
250 ## - EDITION STATEMENT
Edition statement 1st ed.
260 ## - PUBLICATION, DISTRIBUTION, ETC. (IMPRINT)
Place of publication New York :
Name of publisher Palgrave Macmillian,
Year of publication 2005.
300 ## - PHYSICAL DESCRIPTION
Number of Pages x, 310 p. :
Other physical details ill., ports.
650 #0 - SUBJECT ADDED ENTRY--TOPICAL TERM
Topical Term Teachers colleges
Topical Term Educational change
856 40 - ELECTRONIC LOCATION AND ACCESS
Uniform Resource Identifier http://site.ebrary.com/lib/rucke/Doc?id=10135443

No items available.

© 2026 Rongo University
Contact us: librarian | system librarian | Rongo university